O pomocy okazanej Waleremu Briusowowi przez Uniwersytet Warszawski
| Titel: | O pomocy okazanej Waleremu Briusowowi przez Uniwersytet Warszawski |
|---|---|
| Verfasser: | |
| In: |
Slavia Orientalis, Band 51, Heft 1 (2002), Seite 18-23 alle Artikel anzeigen |
| Veröffentlicht: | 2002 |
| Format: | Aufsatz |
| Sprache: | Polnisch |
X
alg: 39390432 001A $01999:12-11-16 001B $01999:28-05-21 $t19:22:40.000 001C $06050:19-11-16 $t09:03:31.000 001D $01999:12-11-16 001U $0utf8 001X $00 002@ $0Aox 003@ $0393904326 007A $0393904326 $aHEB 007T $0Herdk50876 010@ $apol 011@ $a2002 021A $aO pomocy okazanej Waleremu Briusowowi przez Uniwersytet Warszawski 028A $aOrłowski $dJan 031A $d51 $e1 $h18-23 $j2002 037A $aross. res. 039B $aIn $8--Abvc--. Slavia Orientalis. - Warszawa : Dom Wydawn. Elipsa, 1957-. - ISSN 0037-6744 $x200200000510001982 $9047501995 045F $a307.09438 $eDDC23BSB 045F/01 $a307.09 045F/03 $g438 045T $a7,41 $a7,39 lok: 39390432 78 exp: 39390432 78 1 #EPN 201B/01 $008-11-17 $t21:45:20.000 201U/01 $0utf8 203@/01 $079001484X 208@/01 $a12-11-16 $be 209A/01 $a/ $f000 $x00 220C/01 $aTitelaufnehmer: pbb 220C/01 $aHerkunft: IH PAN/PBB Kraków 244Z/01 $2Trx $#Poola $#Lenkija $#Polija $#Polen Land $#Poland $#Lengyelország $#Poľsko $#Polsko $8--Trx--Polska$gkraj $x01 $9391345966 244Z/01 $#Warschau $#Warszawa $#Warszowa $#Varšava $#Varsovia $#Varsavia $#Varšavaq $#Varsó $#Miasto Stołeczne Warszawa $#Varsovie $#Warsaw $#Varšava $#Varšuva $#Varssavi $74079048-4 $8--Tg1--Warschau $x02 $9085224332 244Z/01 $aGeschichte 1873-1924 $x03 244Z/01 $2Trx $#Briusow, Walery $8--Trx--Brjusov, Valerij Jakovlevič$Z1873-1924 $x04 $9391082310 244Z/01 $2Trx $#kirjanikud $#rašytojai $#writers $#írók $#pisarze $#spisovatelia $#spisovatelé $8--Trx--Schriftsteller $x05 $9391382659 244Z/01 $2Trx $#ülikoolid $#universitetai $#universitāte $#Universities $#egyetemek $#uniwersytety $#univerzity $#univerzity $#Hochschulen $#vysoké školy $8--Trx--Universitäten $x06 $9391373862 244Z/01 $2Trx $8--Trx--Zeitschriftenaufsatz $x07 $9391384341 245Z/01 $a13.03 $x01 245Z/01 $a11.05 $x02 247C/01 $82080>Marburg/Lahn, Herder-Institut, Forschungsbibliothek, Bibliographieportal $9336309341
| LEADER | 00000caa a22000002c 4500 | ||
|---|---|---|---|
| 001 | 393904326 | ||
| 003 | DE-603 | ||
| 005 | 20210528192240.0 | ||
| 007 | tu | ||
| 008 | 161112s2002 xx |||| | u00||u|pol c | ||
| 035 | |a (DE-599)HEB393904326 | ||
| 040 | |a DE-603 |b ger |c DE-603 |d DE-603 | ||
| 041 | |a pol | ||
| 082 | 0 | 4 | |8 1\u |a 307.09438 |q DE-101 |2 23/BSB |
| 084 | |a 7,41 |a 7,39 |2 ssgn | ||
| 085 | |8 1\u |b 307.09 | ||
| 085 | |8 1\u |z 2 |s 438 | ||
| 100 | 1 | |a Orłowski, Jan | |
| 245 | 0 | 0 | |a O pomocy okazanej Waleremu Briusowowi przez Uniwersytet Warszawski |
| 264 | 0 | |c 2002 | |
| 500 | |a ross. res. | ||
| 773 | 0 | 8 | |i In |t Slavia Orientalis |d Warszawa : Dom Wydawn. Elipsa, 1957- |x 0037-6744 |g Band 51, Heft 1 (2002), Seite 18-23 |w (DE-603)047501995 |w (DE-600)339116-4 |
| 924 | 0 | |9 2080 |a (DE-603)79001484X |b DE-2080 |c HES |d d |g / | |


